Départements Limitrophes Du Val-d'Oise - Statistiques

Statistiques générales
  • Ce quiz a été pris 156 fois
  • Le résultat moyen est 5 sur 6
Statistiques - réponses
Départements % Correct
Oise
100%
Seine-Saint-Denis
95%
Hauts-de-Seine
89%
Yvelines
88%
Seine-et-Marne
87%
Eure
86%
Aucun quiz correspondant
Distribution des résultats
% des personnes avec chaque résultat
Percentile par nombre de réponses
Votre historique - résultats
Vous n’avez pas pris ce quiz